| 000 | 01219nam a22003015a 4500 | ||
|---|---|---|---|
| 003 | EG-ScBUE | ||
| 005 | 20221116064830.0 | ||
| 008 | 090713s2006 ua a f b 001 0cara d | ||
| 017 | _a2005 / 23616 | ||
| 020 | _a9770914932 | ||
| 040 |
_aEG-ScBUE _bara _erda _cEG-ScBUE _dEG-ScBUE |
||
| 082 | 0 | 4 |
_a780.9203 _bق ا ب _222 |
| 100 | 1 |
_aقابيل، محمد، _eمؤلف. |
|
| 245 | 1 | 0 |
_aموسوعة الغناء في مصر / _cمحمد قابيل. |
| 250 | _aالطبعة الأولى. | ||
| 264 | 1 |
_aالقاهرة : _bدار الشروق، _c2006. |
|
| 300 |
_a392 صفحة : _bإيضاحيات ؛ _c22 سم |
||
| 500 | _aيشتمل علي ملاحق. | ||
| 500 | _aأول موسوعة للغناء في مصر. | ||
| 504 | _aيشتمل على إرجاعات ببليوجرافية وكشافات. | ||
| 650 | 7 |
_aالمطربون والمطربات المصريون _vتراجم _vدوائر معارف. _2BUEsh |
|
| 650 | 7 |
_aالملحنون المصريون _vتراجم _vدوائر معارف. _2BUEsh |
|
| 650 | 7 |
_aالأغاني العربية _zمصر _vدوائر معارف. _2BUEsh |
|
| 651 | _2BUEsh | ||
| 653 |
_bGGEN _bCOMAME _cAugust2015 |
||
| 655 | _vReading book | ||
| 942 |
_2ddc _cREFERENCE |
||
| 999 |
_c12345 _d12345 |
||